000 00458nam a22001817a 4500
003 koha_MIRAKIL
005 20231213095544.0
008 231213b |||||||| |||| 00| 0 ||| d
020 _b978-0-06-154456-9
040 _aTR-IsEVY
_btur
_cTR-IsEVY
082 _a420 PAR/A
100 _aPARISH, HERMAN.
245 0 _aAMELIA BEDELIA'S FIRST DAY OF SCHOOL.
260 _bGrenwillow,
_c2009
300 _a[ ] p.
650 _aİngiliz Dili.
942 _2ddc
_cBK
999 _c5583
_d5583